BSOP header

Microbe hunters / (Record no. 48317)

MARC details
000 -LEADER
fixed length control field 00762cam a2200229 4500
001 - CONTROL NUMBER
control field 00265865
007 - PHYSICAL DESCRIPTION FIXED FIELD--GENERAL INFORMATION
fixed length control field 20191010
008 - FIXED-LENGTH DATA ELEMENTS--GENERAL INFORMATION
fixed length control field 931115s1926 nyuc 000 0 eng
010 ## - LIBRARY OF CONGRESS CONTROL NUMBER
LC control number 26005317
NUCMC control number 48
100 10 - MAIN ENTRY--PERSONAL NAME
Personal name De Kruif, Paul,
Dates associated with a name 1890-1971.
245 10 - TITLE STATEMENT
Title Microbe hunters /
Statement of responsibility, etc by Paul De Kruif ...
260 0# - PUBLICATION, DISTRIBUTION, ETC. (IMPRINT)
Place of publication, distribution, etc New York :
Name of publisher, distributor, etc Harcourt, Brace and company,
Date of publication, distribution, etc c1926.
300 ## - PHYSICAL DESCRIPTION
Extent 6 p. l., 3-363 p. :
Other physical details ports. ;
Dimensions 23 cm.
336 ## - CONTENT TYPE
Content Type Term text
337 ## - MEDIA TYPE
Media Type Term unmediated
338 ## - CARRIER TYPE
Carrier Type Term volume
505 0# - FORMATTED CONTENTS NOTE
Formatted contents note Leeuwenhoek.--Spalianzani.--Pasteur.--Koch.--Roux and Behring.--Metchnikoff.--Theobald Smith.--Bruce.--Ross vs. Grassi.--Walter Reed.--Paul Ehrlich.
650 #0 - SUBJECT ADDED ENTRY--TOPICAL TERM
Topical term or geographic name as entry element Bacteriologists.
650 #0 - SUBJECT ADDED ENTRY--TOPICAL TERM
Topical term or geographic name as entry element Microorganisms.
650 #0 - SUBJECT ADDED ENTRY--TOPICAL TERM
Topical term or geographic name as entry element Bacteriology
General subdivision History.
942 ## - ADDED ENTRY ELEMENTS (KOHA)
Source of classification or shelving scheme Library of Congress Classification
Item type Books
Holdings
Withdrawn status Lost status Source of classification or shelving scheme Damaged status Not for loan Home library Current library Shelving location Date acquired Inventory number Total Checkouts Full call number Barcode Date last seen Price effective from Koha item type
    Library of Congress Classification     BSOP Library BSOP Library GC 10/10/2019 7371   QR31 K93 00021897 10/10/2019 10/10/2019 Books
BSOP

Biblical Seminary of the Philippines
  All rights Reserved
  © 2024

CONTACT INFORMATION

Biblical Seminary of the Philippines,
  77-B Karuhatan Road, Valenzuela City,
  PHILIPPINES 1441
  Phone: +632 8292-6795 / 8292-6798
  Fax : +632 8292-6675
  Email: library@bsop.edu.ph